Przyporządkuj wykonawcę do piosenki (rock) - Kolega Ignacy - Statystyki

Ogólne statystyki
  • Ten quiz został rozwiązany 608 razy
  • Średni wynik to 24 z 53
Statystyki odpowiedzi
Tytuł piosenki Nazwa zespołu/wykonawca % Poprawnych
Smells like teen spirit Nirvana
91%
Stairway to heaven Led Zeppelin
88%
Enter Sandman Metallica
84%
Livin' on a Prayer Bon Jovi
83%
Another Brick in the wall Pink Floyd
82%
Californication Red Hot Chili Peppers/RHCP
79%
Knockin' on Heaven's Door Guns and Roses/Guns n' Roses
78%
Another One Bites The Dust Queen
76%
Hey Jude The Beatles
76%
Africa Toto
76%
Smoke on the water Deep Purple
73%
(I can't get no) Satisfaction The Rolling Stones
73%
Paranoid Black Sabbath/Ozzy Osbourne
71%
Zombie The Cranberries
71%
Every Breath You Take The Police/Sting
71%
Hotel California Eagles
67%
House of the rising sun The Animals
61%
Wonderwall Oasis
56%
Crazy Aerosmith
54%
Song 2 Blur
53%
With or Without You U2
53%
Jump Van Halen
51%
Viva La Vida Coldplay
50%
Rock You Like A Hurricane Scorpions
48%
21 Guns Green Day
45%
Sweet Home Alabama Lynyrd Skynyrd
45%
The Passenger Iggy Pop
42%
Sex on fire Kings of Leon
40%
Thunder Imagine Dragons
38%
Anarchy in the UK Sex Pistols
38%
The Pretender Foo Fighters
35%
Don't Stop Believin' Journey
33%
The Sound of Silence Simon & Garfunkel/Simon and Garfunkel
32%
La Grange ZZ Top
30%
Baba O'Riley The Who
29%
Purple Haze Jimi Hendrix
28%
Rock and roll all nite KISS
28%
Dirty Deeds Done Dirt Cheap AC/DC
26%
Pour Some Sugar on Me Def Leppard
26%
Mr. Brightside The Killers
25%
School's Out Alice Cooper
24%
Born to be wild Steppenwolf
24%
Johnny B.Goode Chuck Berry
23%
Carry On Wayward Son Kansas
23%
Sunshine of your love Cream
22%
Hysteria Muse
21%
Even Flow Pearl Jam
21%
Roundabout Yes
17%
White Wedding Billy Idol
13%
Born to Run Bruce Springsteen
10%
Highway Tune Greta Van Fleet
9%
Tusk Fleetwood Mac
6%
Scary Monsters (and Super Creeps) David Bowie
4%
Nie znaleziono quizów pasujących do podanych kryteriów
Rozkład punktacji
Procent ludzi z każdym wynikiem
Percentyl według liczby udzielonych odpowiedzi
Twoja historia wyników
Nie rozwiązałeś tego quizu